Conformal geometry and quasiregular mappings

Αποθηκεύτηκε σε:
Λεπτομέρειες βιβλιογραφικής εγγραφής
Κύριος συγγραφέας: Vuorinen, Matti
Μορφή: Βιβλίο
Γλώσσα:English
Δημοσίευση: Berlin : Springer-Verlag, c1988
Σειρά:Lecture notes in mathematics (Springer-Verlag) ; 1319
Θέματα:
Ετικέτες: Προσθήκη ετικέτας
Δεν υπάρχουν, Καταχωρήστε ετικέτα πρώτοι!

MARC

LEADER 00000nam a2200000 i 4500
001 1/27869
008 941103s1988 eng d
020 |a 3-540-19342-1 
035 |a 1993  |l 10037931 
040 |a GR-MY-UA  |b gre  |e aacr 
041 0 |a eng 
082 0 |a 515.9 
100 1 |a Vuorinen, Matti. 
245 1 0 |a Conformal geometry and quasiregular mappings /  |c Matti Vuorinen 
260 |a Berlin :   |b Springer-Verlag,   |c c1988 
300 |a xix, 209 p.;  |c 25 cm. 
490 1 |a Lecture notes in mathematics (Springer-Verlag)  |v ; 1319 
500 |a Includes bibliographical references and index 
650 0 0 |a Quasiconformal mappings. 
830 0 |a Lecture notes in mathematics (Springer-Verlag)  |v ; 1319 
852 |a INST  |b SAMOS  |e 19941103  |h 515.9 VUO  |p 005300006935  |q 005300006935  |t BK  |y 0 
909 |a Σ  |b 029197